Quality Management Handbook (Record no. 347852)

000 -LEADER
fixed length control field 00374 a2200145 4500
020 ## - INTERNATIONAL STANDARD BOOK NUMBER
International Standard Book Number 0706989201
082 ## - DEWEY DECIMAL CLASSIFICATION NUMBER
Classification number 658.4013
090 ## - LOCALLY ASSIGNED LC-TYPE CALL NUMBER (OCLC); LOCAL CALL NUMBER (RLIN)
-- 5444
-- 5444
100 ## - MAIN ENTRY--PERSONAL NAME
Personal name Anand, K. K
245 ## - TITLE STATEMENT
Title Quality Management Handbook
Statement of responsibility, etc. K K Anand
260 ## - PUBLICATION, DISTRIBUTION, ETC.
Place of publication, distribution, etc. New Delhi, India
Name of publisher, distributor, etc. Vikas Publishing House PVT LTD
Date of publication, distribution, etc. 1995
300 ## - PHYSICAL DESCRIPTION
Extent 290
500 ## - GENERAL NOTE
General note hardcover
942 ## - ADDED ENTRY ELEMENTS (KOHA)
Institution code [OBSOLETE] NBS
Koha item type Book
Call number prefix 658.4013 SHA
Holdings
Withdrawn status Lost status Damaged status Not for loan Permanent Location Current Location Date acquired Total Checkouts Full call number Barcode Date last seen Price effective from Koha item type
        Central Library (CL) Central Library (CL) 08/28/2013   658.4013 SHA NBS503 08/28/2013 08/28/2013 Book
© 2023 Central Library, National University of Sciences and Technology. All Rights Reserved.